000 00763nam a2200193Ii 4500
003 JO-AjNU
008 230605s9999||||xx |||||||||||||| ||und||
040 _aJO-AjNU
_bara
_erda
_cJO-AjNU
041 _aara
050 1 4 _aPJ8000.F3442 1985
100 3 _aتأليف أحمد،فالح حمد,
_eauthor
_99978
245 0 0 _aشاعرات من الخليج العربي
264 3 1 _aبغداد: جامعة البصرة/ مركز دراسات الخليج العربي شعبة الدراسات اللغوية والأدبية، 1985
300 _a192ص
336 _atext
_btxt
_2rdacontent
337 _aunmediated
_bn
_2rdamedia
338 _avolume
_bnc
_2rdacarrier
650 4 _aالشعر العربي - تراجم - شاعرات الخليج العربي
_99979
999 _aA1575
_c5143
_d5143